[Event "GER-ch Seniors 65 36th"]
[Site "Bad Wildungen"]
[Date "2024.08.30"]
[Round "8"]
[White "Rosen, Bernd"]
[Black "Matthey, Harald"]
[Result "1-0"]
[WhiteElo "2245"]
[BlackElo "2062"]
[PlyCount "57"]
[EventDate "2024.08.25"]
[EventType "swiss"]
[EventRounds "9"]
[EventCountry "GER"]
[SourceTitle "CBM 221 Extra"]
[Source "ChessBase"]
[SourceDate "2024.09.30"]
[SourceVersion "1"]
[SourceVersionDate "2024.09.30"]
[SourceQuality "1"]

1. c4 c5 2. g3 Nc6 3. Bg2 g6 4. Nc3 Bg7 5. Nf3 e6 6. d4 Nxd4 7. Nxd4 cxd4 8. Ne4 d6 9. Qa4+ Ke7 10. Qa3 f5 11. Bg5+ Nf6 12. Nxf6 Bxf6 13. Bxf6+ Kxf6 14. 0-0 Qb6 15. Rfd1 Rd8 16. Rd3 Qc5 17. b4 Qxc4 18. Rc1 Qb5 19. Rxd4 a5 20. e4 e5 21. Rd5 Qxb4 22. Qd3 Ra6 23. f4 fxe4 24. Bxe4 Be6 25. fxe5+ Ke7 26. Rb1 Qa4 27. Rxb7+ Rd7 28. Qxa6 Bxd5 29. Qxd6+ 1-0

[Event "Oberliga Ost-A 2324"]
[Site "Germany"]
[Date "2024.04.14"]
[Round "11.2"]
[White "Cerveny, Petr"]
[Black "Matthey, Harald"]
[Result "1-0"]
[WhiteElo "2283"]
[BlackElo "2071"]
[PlyCount "65"]
[EventDate "2023.10.22"]
[EventType "team-tourn"]
[EventRounds "11"]
[EventCountry "GER"]
[SourceTitle "EXT 2025"]
[Source "ChessBase"]
[SourceDate "2024.10.14"]
[SourceVersion "1"]
[SourceVersionDate "2024.10.14"]
[SourceQuality "1"]
[WhiteTeam "Aue Nickelhuette II"]
[BlackTeam "Dessau"]
[WhiteTeamCountry "GER"]
[BlackTeamCountry "GER"]

1. e4 Nf6 2. e5 Nd5 3. d4 d6 4. Nf3 g6 5. Bc4 Nb6 6. Bb3 Bg7 7. Ng5 e6 8. Qf3 Qd7 9. Ne4 Qc6 10. Nf6+ Kf8 11. Qg3 N8d7 12. Nxd7+ Bxd7 13. 0-0 dxe5 14. dxe5 a5 15. a4 h5 16. h4 Qe4 17. Bf4 Bc6 18. Nc3 Qf5 19. Rad1 Qg4 20. Nb5 Bxb5 21. axb5 a4 22. Ba2 Kg8 23. Rd3 Qe2 24. Rfd1 a3 25. Bxe6 Kh7 26. Bxf7 Qe4 27. bxa3 Raf8 28. e6 Nc4 29. Qg5 Nb2 30. Rd4 Qxc2 31. Rc1 Qf5 32. Qxf5 gxf5 33. Rd7 1-0

[Event "Oberliga Ost-A 2324"]
[Site "Germany"]
[Date "2024.03.16"]
[Round "8.2"]
[White "Matthey, Harald"]
[Black "Schiffer, Stefan"]
[Result "0-1"]
[WhiteElo "2071"]
[BlackElo "2192"]
[PlyCount "120"]
[EventDate "2023.10.22"]
[EventType "team-tourn"]
[EventRounds "11"]
[EventCountry "GER"]
[SourceTitle "EXT 2025"]
[Source "ChessBase"]
[SourceDate "2024.10.14"]
[SourceVersion "1"]
[SourceVersionDate "2024.10.14"]
[SourceQuality "1"]
[WhiteTeam "Dessau"]
[BlackTeam "Leipzig SG II"]
[WhiteTeamCountry "GER"]
[BlackTeamCountry "GER"]

1. e4 c5 2. c3 g6 3. d4 cxd4 4. cxd4 d5 5. e5 Nc6 6. h3 Bg7 7. Nc3 a6 8. g4 e6 9. Be3 f6 10. exf6 Nxf6 11. Bg2 0-0 12. Nge2 b5 13. Rc1 Bd7 14. 0-0 Rc8 15. Nf4 Ne8 16. a4 Qb6 17. axb5 axb5 18. Nce2 Nd6 19. b3 Kh8 20. Qd2 b4 21. Nd3 Rce8 22. Nc5 Bc8 23. Nf4 Nb5 24. Ne2 Rf7 25. Qd3 Rc7 26. Na4 Qb7 27. Rc5 Nba7 28. Rfc1 Rf7 29. R5c2 Qa6 30. Qd2 Qb5 31. Nf4 Na5 32. Bf1 Qb8 33. Nc5 N5c6 34. Ng2 e5 35. dxe5 Nxe5 36. Be2 Rd8 37. Bf4 Qb6 38. Nd3 Nxd3 39. Bxd3 Rdf8 40. Rc7 Be6 41. Rxf7 Rxf7 42. Qe2 Kg8 43. Re1 Bd7 44. Bg3 Nc6 45. Qa2 Qd4 46. Rd1 Be5 47. Be2 Qc5 48. Kh1 Bxg3 49. fxg3 Qf2 50. Rxd5 Nd4 51. Rxd4 Qxd4 52. Bc4 Bc6 53. Bxf7+ Kxf7 54. Kh2 Qe4 55. g5 Ke7 56. Qa7+ Kd6 57. Qb8+ Kc5 58. Qa7+ Kb5 59. Qa4+ Kb6 60. Qa2 Qxg2+ 0-1

[Event "Oberliga Ost-A 2324"]
[Site "Germany"]
[Date "2024.02.24"]
[Round "6.2"]
[White "Hassemeier, Mika"]
[Black "Matthey, Harald"]
[Result "1-0"]
[WhiteElo "2078"]
[BlackElo "2071"]
[PlyCount "41"]
[EventDate "2023.10.22"]
[EventType "team-tourn"]
[EventRounds "11"]
[EventCountry "GER"]
[SourceTitle "EXT 2025"]
[Source "ChessBase"]
[SourceDate "2024.10.14"]
[SourceVersion "1"]
[SourceVersionDate "2024.10.14"]
[SourceQuality "1"]
[WhiteTeam "Hoyerswerda"]
[BlackTeam "Dessau"]
[WhiteTeamCountry "GER"]
[BlackTeamCountry "GER"]

1. d4 a6 2. e4 e6 3. Bd3 d5 4. Nd2 dxe4 5. Nxe4 Nf6 6. Nxf6+ Qxf6 7. Nf3 h6 8. Qe2 Bd6 9. Bd2 Nd7 10. 0-0-0 b5 11. Be4 Rb8 12. g3 0-0 13. h4 Re8 14. g4 g6 15. Bxh6 e5 16. Bg5 Qe6 17. d5 Qxg4 18. h5 Nc5 19. Rh4 Qd7 20. hxg6 f5 21. Bf6 1-0

[Event "Oberliga Ost-A 2324"]
[Site "Germany"]
[Date "2023.12.02"]
[Round "2.2"]
[White "Matthey, Harald"]
[Black "Mueller, Magnus"]
[Result "0-1"]
[WhiteElo "2071"]
[BlackElo "2023"]
[PlyCount "46"]
[EventDate "2023.10.22"]
[EventType "team-tourn"]
[EventRounds "11"]
[EventCountry "GER"]
[SourceTitle "EXT 2025"]
[Source "ChessBase"]
[SourceDate "2024.10.14"]
[SourceVersion "1"]
[SourceVersionDate "2024.10.14"]
[SourceQuality "1"]
[WhiteTeam "Dessau"]
[BlackTeam "Erfurt Empor"]
[WhiteTeamCountry "GER"]
[BlackTeamCountry "GER"]

1. Nf3 d5 2. g3 Nf6 3. Bg2 e6 4. 0-0 Be7 5. d4 0-0 6. Nbd2 c5 7. c4 Nc6 8. dxc5 Bxc5 9. a3 a5 10. cxd5 exd5 11. Nb3 Bb6 12. Nbd4 Re8 13. Re1 a4 14. Bf4 Ne4 15. Rc1 Qf6 16. Be3 Bg4 17. Qd3 Na5 18. Nc2 Nc4 19. Qxd5 Nxe3 20. Nxe3 Nxf2 21. Kxf2 Bxe3+ 22. Kf1 Bxc1 23. Rxc1 Qxb2 0-1

[Event "Oberliga Ost-A 2324"]
[Site "Germany"]
[Date "2023.10.22"]
[Round "1.3"]
[White "Matthey, Harald"]
[Black "Rafayevych, Vilen"]
[Result "0-1"]
[WhiteElo "2071"]
[BlackElo "2158"]
[PlyCount "42"]
[EventDate "2023.10.22"]
[EventType "team-tourn"]
[EventRounds "11"]
[EventCountry "GER"]
[SourceTitle "EXT 2025"]
[Source "ChessBase"]
[SourceDate "2024.10.14"]
[SourceVersion "1"]
[SourceVersionDate "2024.10.14"]
[SourceQuality "1"]
[WhiteTeam "Dessau"]
[BlackTeam "Magdeburg Aufbau Elbe II"]
[WhiteTeamCountry "GER"]
[BlackTeamCountry "GER"]

1. d4 Nf6 2. Nf3 g6 3. c4 Bg7 4. Nc3 0-0 5. e4 d6 6. Be2 Nbd7 7. Bf4 e5 8. dxe5 dxe5 9. Bg3 c6 10. Qc2 Nh5 11. Bh4 Qc7 12. Rd1 Nc5 13. Bg5 Nf4 14. g3 Nxe2 15. Nxe2 f5 16. Nd2 f4 17. gxf4 exf4 18. f3 Qe5 19. Bxf4 Rxf4 20. Nxf4 Qxf4 21. 0-0 Bh3 0-1

[Event "Oberliga Ost-A 2223"]
[Site "Germany"]
[Date "2023.02.05"]
[Round "7.2"]
[White "Matthey, Harald"]
[Black "Melamed, Tatiana"]
[Result "0-1"]
[WhiteElo "2132"]
[BlackElo "2391"]
[PlyCount "102"]
[EventDate "2022.09.18"]
[EventType "team-tourn"]
[EventRounds "11"]
[EventCountry "GER"]
[SourceTitle "EXT 2025"]
[Source "ChessBase"]
[SourceDate "2024.10.14"]
[SourceVersion "1"]
[SourceVersionDate "2024.10.14"]
[SourceQuality "1"]
[WhiteTeam "Dessau"]
[BlackTeam "Magdeburg Aufbau Elbe"]
[WhiteTeamCountry "GER"]
[BlackTeamCountry "GER"]

1. d4 Nf6 2. Nf3 e6 3. g3 d5 4. Bg2 b5 5. 0-0 Bb7 6. c3 c5 7. a4 b4 8. dxc5 Bxc5 9. cxb4 Bxb4 10. a5 0-0 11. Qb3 Na6 12. Ne5 Rb8 13. Nd3 Bd6 14. Qa4 e5 15. Be3 e4 16. Nc1 Nc5 17. Bxc5 Bxc5 18. b4 Bd6 19. b5 Rc8 20. Nd2 e3 21. fxe3 Qe7 22. e4 dxe4 23. Ncb3 Bb4 24. Rac1 Rxc1 25. Rxc1 e3 26. Nf3 Rd8 27. Nbd4 Bxf3 28. Nxf3 h6 29. b6 axb6 30. axb6 Nd5 31. Nd4 Nc3 32. Rxc3 Bxc3 33. Nc6 Qf6 34. Bf3 Qxf3 35. exf3 e2 36. Qe4 Rd1+ 37. Kg2 e1Q 38. Qxe1 Rxe1 39. b7 Be5 40. Nxe5 Rb1 41. g4 Rxb7 42. h4 Rb5 43. Nd3 g6 44. Kg3 Rd5 45. Nf4 Ra5 46. h5 g5 47. Ne2 Kg7 48. Kf2 Kf6 49. Ng3 Ra2+ 50. Ke3 Ke5 51. Nf5 Ra6 0-1

[Event "Oberliga Ost-A 2223"]
[Site "Germany"]
[Date "2022.09.04"]
[Round "1.1"]
[White "Stein, Robert"]
[Black "Matthey, Harald"]
[Result "1-0"]
[WhiteElo "2407"]
[BlackElo "2132"]
[PlyCount "91"]
[EventDate "2022.09.18"]
[EventType "team-tourn"]
[EventRounds "11"]
[EventCountry "GER"]
[SourceTitle "EXT 2025"]
[Source "ChessBase"]
[SourceDate "2024.10.14"]
[SourceVersion "1"]
[SourceVersionDate "2024.10.14"]
[SourceQuality "1"]
[WhiteTeam "Loeberitz"]
[BlackTeam "Dessau"]
[WhiteTeamCountry "GER"]
[BlackTeamCountry "GER"]

1. d4 a6 2. g3 d5 3. Bg2 Nf6 4. Nf3 c5 5. dxc5 Qa5+ 6. Nbd2 Nc6 7. 0-0 Qxc5 8. Nb3 Qd6 9. Bg5 Ne4 10. Qc1 Nxg5 11. Qxg5 h6 12. Qe3 e6 13. Rfd1 Qc7 14. Rxd5 Nb4 15. Rd2 Nxc2 16. Rc1 Nxe3 17. Rxc7 Nd5 18. Rc1 Bb4 19. Rdc2 0-0 20. Ne5 Bd6 21. Nc4 Bc7 22. Bxd5 exd5 23. Ne3 Bd6 24. Nxd5 Bf5 25. Rd2 Rad8 26. Rcd1 Be6 27. Na5 Rb8 28. a3 Rfc8 29. Nb6 Rc5 30. b4 Rxa5 31. bxa5 Bxa3 32. Rd8+ Rxd8 33. Rxd8+ Kh7 34. Rb8 Bb4 35. Rxb7 Bxa5 36. Nd7 Bc4 37. e4 Bd3 38. f3 Bc3 39. Kg2 Bb5 40. Nf8+ Kg8 41. Rb8 g5 42. Ng6+ Kg7 43. Ne7 Be5 44. Nf5+ Kg6 45. Rb6+ f6 46. Rb7 1-0

[Event "GER-ch Seniors 65 34th"]
[Site "Magdeburg"]
[Date "2022.08.19"]
[Round "8"]
[White "Glienke, Manfred"]
[Black "Matthey, Harald"]
[Result "1-0"]
[WhiteElo "2205"]
[BlackElo "2062"]
[PlyCount "67"]
[EventDate "2022.08.12"]
[EventType "swiss"]
[EventRounds "9"]
[EventCountry "GER"]
[SourceTitle "CBM 209 Extra"]
[Source "ChessBase"]
[SourceDate "2022.09.30"]
[SourceVersion "1"]
[SourceVersionDate "2022.09.30"]
[SourceQuality "1"]

1. d4 d6 2. Nf3 Bg4 3. Nbd2 Nd7 4. h3 Bh5 5. e4 e6 6. Bd3 Be7 7. c3 h6 8. Nf1 Bg5 9. Ng3 Bxf3 10. Qxf3 Bxc1 11. Rxc1 Ngf6 12. 0-0 0-0 13. Qe3 c6 14. f4 Re8 15. e5 Nd5 16. Qd2 c5 17. Ne4 dxe5 18. dxe5 Qb6 19. Bc4 Qc6 20. Nd6 Re7 21. Rcd1 N5b6 22. Bb5 Qc7 23. Qe2 a6 24. Bd3 Nf8 25. Be4 Rb8 26. Rf3 Nc8 27. c4 Rd7 28. Rfd3 f5 29. Bf3 Na7 30. Qf2 b5 31. b3 bxc4 32. bxc4 Rb4 33. g4 g6 34. Ne8 1-0

[Event "GER-ch Seniors 65 34th"]
[Site "Magdeburg"]
[Date "2022.08.18"]
[Round "7"]
[White "Matthey, Harald"]
[Black "Buchal, Stephan"]
[Result "0-1"]
[WhiteElo "2062"]
[BlackElo "2230"]
[PlyCount "49"]
[EventDate "2022.08.12"]
[EventType "swiss"]
[EventRounds "9"]
[EventCountry "GER"]
[SourceTitle "CBM 209 Extra"]
[Source "ChessBase"]
[SourceDate "2022.09.30"]
[SourceVersion "1"]
[SourceVersionDate "2022.09.30"]
[SourceQuality "1"]

1. e4 g6 2. d4 Bg7 3. Nc3 d6 4. g3 Nf6 5. Bg2 0-0 6. Nge2 e5 7. h3 c6 8. 0-0 b5 9. a3 Bb7 10. Bg5 Nbd7 11. Kh2 Ng4+ 12. hxg4 Qxg5 13. f4 exf4 14. gxf4 Qxg4 15. Qe1 Qh5+ 16. Kg3 g5 17. Bh3 Nf6 18. fxg5 Qxg5+ 19. Kh2 Bc8 20. Bxc8 Raxc8 21. Rf5 Qh6+ 22. Kg2 Ng4 23. Nf4 Bxd4 24. Kf3 Ne5+ 25. Kg3 0-1

[Event "Oberliga Ost-A 2122"]
[Site "Germany"]
[Date "2022.04.30"]
[Round "2.2"]
[White "Schulte, Felix"]
[Black "Matthey, Harald"]
[Result "0-1"]
[WhiteElo "2176"]
[BlackElo "2104"]
[PlyCount "110"]
[EventDate "2021.10.10"]
[EventType "team-tourn"]
[EventRounds "11"]
[EventCountry "GER"]
[SourceTitle "EXT 2023"]
[Source "ChessBase"]
[SourceDate "2022.10.05"]
[SourceVersion "1"]
[SourceVersionDate "2022.10.05"]
[SourceQuality "1"]
[WhiteTeam "Halle USV"]
[BlackTeam "Dessau"]
[WhiteTeamCountry "GER"]
[BlackTeamCountry "GER"]

1. d4 e6 2. c4 f5 3. g3 Nf6 4. Bg2 d5 5. Nh3 Bb4+ 6. Nd2 0-0 7. 0-0 a5 8. Nf3 Ne4 9. Ne5 Be7 10. Qc2 c6 11. Rd1 Nd7 12. Be3 Bf6 13. f3 Nd6 14. c5 Bxe5 15. dxe5 Nc4 16. Bd4 Ncxe5 17. Qc3 Ng6 18. Bxg7 Rf7 19. Bh6 Qf6 20. Qxf6 Rxf6 21. Rac1 a4 22. e4 Ra5 23. Be3 Rf8 24. exd5 exd5 25. f4 Re8 26. Bd4 Ngf8 27. Ng5 h6 28. Nf3 Ne6 29. Re1 Kf7 30. Bc3 Rxc5 31. Rcd1 Rb5 32. Nh4 d4 33. Bxd4 Nxd4 34. Rxe8 Kxe8 35. Rxd4 Nb6 36. Rd2 Be6 37. Bf1 Rc5 38. Re2 Kf7 39. b3 axb3 40. axb3 Rc3 41. Ra2 Rxb3 42. Ra7 Nc8 43. Ra8 Kf6 44. Bh3 Rb5 45. Kf2 Nd6 46. Nf3 Ne4+ 47. Ke2 Rb2+ 48. Kd1 c5 49. Rh8 Bb3+ 50. Ke1 Rb1+ 51. Ke2 Bd1+ 52. Kd3 Nf2+ 53. Kc4 Nxh3 54. Rxh6+ Kg7 55. Rxh3 Rc1+ 0-1

[Event "GER-ch Net blitz qual4"]
[Site "Playchess.com INT"]
[Date "2021.05.10"]
[Round "10"]
[White "Loew, Gerald"]
[Black "Matthey, Harald"]
[Result "1-0"]
[WhiteElo "2078"]
[BlackElo "1776"]
[PlyCount "55"]
[EventDate "2021.05.10"]
[EventType "swiss (blitz)"]
[EventRounds "11"]
[EventCountry "GER"]
[SourceTitle "CBM 202 Extra"]
[Source "ChessBase"]
[SourceDate "2021.07.31"]
[SourceVersion "1"]
[SourceVersionDate "2021.07.31"]
[SourceQuality "1"]

1. c4 g6 2. Nc3 Bg7 3. e4 e6 4. d4 Ne7 5. Nf3 d5 6. Be2 0-0 7. 0-0 Nbc6 8. Bg5 h6 9. Bh4 g5 10. Bg3 dxe4 11. Nxe4 f5 12. Nexg5 hxg5 13. Nxg5 Nxd4 14. Bd3 Qe8 15. Bxc7 e5 16. Bd6 Rf6 17. c5 Nec6 18. Bc4+ Be6 19. Nxe6 Nxe6 20. Re1 Kh8 21. Bxe5 Nxe5 22. Rxe5 Qf7 23. Qd6 Re8 24. Rae1 Rh6 25. Bxe6 Qh5 26. R5e3 Rexe6 27. Rxe6 Rxe6 28. Qxe6 1-0

[Event "GER-ch Net blitz qual4"]
[Site "Playchess.com INT"]
[Date "2021.05.10"]
[Round "6"]
[White "Pikal, Alexander"]
[Black "Matthey, Harald"]
[Result "1/2-1/2"]
[WhiteElo "2036"]
[BlackElo "1776"]
[PlyCount "159"]
[EventDate "2021.05.10"]
[EventType "swiss (blitz)"]
[EventRounds "11"]
[EventCountry "GER"]
[SourceTitle "CBM 202 Extra"]
[Source "ChessBase"]
[SourceDate "2021.07.31"]
[SourceVersion "1"]
[SourceVersionDate "2021.07.31"]
[SourceQuality "1"]

1. f4 Nf6 2. Nf3 g6 3. d3 Bg7 4. e4 d6 5. g3 0-0 6. Nc3 c5 7. Bg2 Nc6 8. 0-0 a6 9. h3 Rb8 10. a4 Nd4 11. Be3 e5 12. fxe5 dxe5 13. Nxe5 Nh5 14. Bf4 Nxf4 15. gxf4 Bxe5 16. fxe5 Qg5 17. Qc1 Qxe5 18. Qd2 Be6 19. a5 b5 20. axb6 Rxb6 21. b3 Qg3 22. Qf2 Qg5 23. Rae1 Bxh3 24. Nd5 Re6 25. Nf4 Bxg2 26. Nxe6 Nxe6 27. Qxg2 Qe5 28. Qf2 g5 29. Qh2 Qd4+ 30. Kh1 Kg7 31. Qg3 h6 32. Rf5 f6 33. Rd5 Qc3 34. Rf1 Qxc2 35. e5 f5 36. Rd6 Qxb3 37. Qe3 Nf4 38. e6 Qb7+ 39. Qf3 Qxf3+ 40. Rxf3 Re8 41. Rxa6 Nxe6 42. Re3 Nc7 43. Rxe8 Nxe8 44. Rc6 f4 45. Rxc5 Kf6 46. Rc6+ Ke5 47. Rxh6 Kd4 48. Rh8 Nf6 49. Rf8 Nd5 50. Rf5 g4 51. Kg1 f3 52. Kf2 Kc5 53. Kg3 Kd4 54. Rf8 Ne3 55. Rd8+ Ke5 56. d4+ Ke4 57. d5 Nf5+ 58. Kf2 g3+ 59. Kf1 Ne3+ 60. Ke1 f2+ 61. Kd2 f1Q 62. Re8+ Kd4 63. Rxe3 Qf2+ 64. Re2 Qf4+ 65. Kc2 Qe4+ 66. Rxe4+ Kxe4 67. d6 g2 68. d7 g1Q 69. d8Q Qc5+ 70. Kb1 Qb4+ 71. Ka2 Qc4+ 72. Ka3 Qc3+ 73. Ka4 Qc4+ 74. Ka5 Qc5+ 75. Ka6 Qc6+ 76. Ka7 Qa4+ 77. Kb7 Qb5+ 78. Kc7 Qa5+ 79. Kd7 Qxd8+ 80. Kxd8 1/2-1/2

[Event "GER-ch Net blitz qual3"]
[Site "Playchess.com INT"]
[Date "2021.05.07"]
[Round "1"]
[White "Daeuber, Andreas"]
[Black "Matthey, Harald"]
[Result "0-1"]
[WhiteElo "1666"]
[BlackElo "2000"]
[PlyCount "116"]
[EventDate "2021.05.07"]
[EventType "swiss (blitz)"]
[EventRounds "11"]
[EventCountry "GER"]
[SourceTitle "CBM 202 Extra"]
[Source "ChessBase"]
[SourceDate "2021.07.31"]
[SourceVersion "1"]
[SourceVersionDate "2021.07.31"]
[SourceQuality "1"]

1. d4 d5 2. c4 c5 3. cxd5 Qxd5 4. Nf3 cxd4 5. Qxd4 Qxd4 6. Nxd4 a6 7. Nc3 e5 8. Nb3 Nc6 9. e4 Nb4 10. Nd5 Nc2+ 11. Kd1 Nxa1 12. Nc7+ Kd8 13. Nxa8 Nxb3 14. axb3 Bc5 15. Be3 Bxe3 16. fxe3 Nf6 17. Bd3 Bg4+ 18. Kd2 Ke7 19. Nb6 Rd8 20. Kc3 Be6 21. Nc4 Ng4 22. h3 Rxd3+ 23. Kxd3 Nf2+ 24. Ke2 Nxh1 25. Nxe5 Ng3+ 26. Kf3 Nh5 27. g4 Nf6 28. Nd3 b6 29. b4 Bc4 30. Nf4 g5 31. Ng2 Ke6 32. Ne1 Ke5 33. Nc2 Bd3 34. Nd4 Bxe4+ 35. Kf2 Kd5 36. b3 Ne8 37. Ne2 Bc2 38. Nc3+ Kc6 39. Ke2 Bxb3 40. Kd3 Be6 41. Kd4 Nc7 42. e4 Nb5+ 43. Nxb5 Kxb5 44. Ke5 a5 45. bxa5 bxa5 46. Kf6 a4 47. Kxg5 a3 48. Kh6 a2 49. Kxh7 a1Q 50. g5 Bxh3 51. Kg8 Be6 52. Kf8 Qh8+ 53. Ke7 Qg7 54. Kd6 Qxg5 55. e5 Qf4 56. Ke7 Qxe5 57. Kf8 f5 58. Ke7 f4 0-1

[Event "GER-ch Net blitz qual3"]
[Site "Playchess.com INT"]
[Date "2021.05.07"]
[Round "9"]
[White "Matthey, Harald"]
[Black "Syre, Christian"]
[Result "1-0"]
[WhiteElo "2000"]
[BlackElo "1777"]
[PlyCount "99"]
[EventDate "2021.05.07"]
[EventType "swiss (blitz)"]
[EventRounds "11"]
[EventCountry "GER"]
[SourceTitle "CBM 202 Extra"]
[Source "ChessBase"]
[SourceDate "2021.07.31"]
[SourceVersion "1"]
[SourceVersionDate "2021.07.31"]
[SourceQuality "1"]

1. d4 d6 2. Nf3 f5 3. g3 Nf6 4. Bg2 g6 5. 0-0 Bg7 6. c4 0-0 7. Nc3 Qe8 8. Nd5 Nxd5 9. cxd5 Qb5 10. Ng5 c6 11. Ne6 Bxe6 12. dxe6 Na6 13. a4 Qb6 14. d5 c5 15. a5 Qc7 16. e4 b5 17. axb6 axb6 18. Qe2 Qb7 19. Qb5 Nb4 20. Bd2 Nc2 21. Rxa8 Rxa8 22. Bc3 Bxc3 23. bxc3 Na3 24. Qb3 c4 25. Qb2 b5 26. Ra1 Qa6 27. exf5 gxf5 28. Bh3 Qa4 29. Bxf5 Qb3 30. Qd2 Rf8 31. Qg5+ Kh8 32. g4 Qb2 33. Rxa3 Qxa3 34. Qxe7 Qc1+ 35. Kg2 Qh6 36. f4 Rg8 37. g5 Qh4 38. Qf6+ Rg7 39. e7 Qh5 40. Qf8+ Rg8 41. Qf6+ Rg7 42. Qe6 Qe8 43. Qxd6 Rxe7 44. Qf6+ Rg7 45. Be6 Qa8 46. f5 b4 47. cxb4 Qa2+ 48. Kg3 Qb3+ 49. Kf4 Qxb4 50. Qd8+ 1-0

[Event "GER-ch Net blitz qual3"]
[Site "Playchess.com INT"]
[Date "2021.05.07"]
[Round "8"]
[White "Schulz, Karsten"]
[Black "Matthey, Harald"]
[Result "1-0"]
[WhiteElo "2211"]
[BlackElo "2000"]
[PlyCount "95"]
[EventDate "2021.05.07"]
[EventType "swiss (blitz)"]
[EventRounds "11"]
[EventCountry "GER"]
[SourceTitle "CBM 202 Extra"]
[Source "ChessBase"]
[SourceDate "2021.07.31"]
[SourceVersion "1"]
[SourceVersionDate "2021.07.31"]
[SourceQuality "1"]

1. Nf3 Nf6 2. c4 c6 3. g3 d5 4. Bg2 dxc4 5. 0-0 g6 6. Na3 Bg7 7. Nxc4 0-0 8. b3 Be6 9. Bb2 Nbd7 10. d3 Nb6 11. Qc2 Nbd5 12. a3 Rc8 13. Rac1 Nb6 14. Na5 Rb8 15. Be5 Nbd7 16. Bxb8 Qxa5 17. Bf4 Qxa3 18. Ra1 Qxb3 19. Qxb3 Bxb3 20. Rxa7 b5 21. Rc1 c5 22. Ne5 Nxe5 23. Bxe5 c4 24. Ra8 Rxa8 25. Bxa8 e6 26. Bc6 cxd3 27. exd3 Ba4 28. Rb1 Nd5 29. Bxg7 Kxg7 30. Bxd5 exd5 31. f4 Kf6 32. Kf2 Ke6 33. Ke3 f6 34. Kd4 Kd6 35. Rb4 h5 36. Rb1 g5 37. fxg5 fxg5 38. Rf1 Ke6 39. Re1+ Kd6 40. Re5 b4 41. Rxd5+ Kc6 42. Rxg5 Bd1 43. Kc4 b3 44. Kc3 Kd6 45. Ra5 Ke6 46. Rb5 Kf6 47. Rxb3 Bxb3 48. Kxb3 1-0

[Event "GER-ch Net blitz qual2"]
[Site "Playchess.com INT"]
[Date "2021.05.04"]
[Round "9"]
[White "Matthey, Harald"]
[Black "Schell, Peter"]
[Result "1-0"]
[WhiteElo "1833"]
[BlackElo "1620"]
[PlyCount "121"]
[EventDate "2021.05.04"]
[EventType "swiss (blitz)"]
[EventRounds "11"]
[EventCountry "GER"]
[SourceTitle "CBM 202 Extra"]
[Source "ChessBase"]
[SourceDate "2021.07.31"]
[SourceVersion "1"]
[SourceVersionDate "2021.07.31"]
[SourceQuality "1"]

1. e4 c6 2. d4 d5 3. e5 Bf5 4. Nc3 e6 5. g4 Bg6 6. Nge2 Bb4 7. Nf4 Ne7 8. h4 h5 9. gxh5 Bf5 10. Bd3 Bxd3 11. Qxd3 Nd7 12. Bd2 Bxc3 13. Bxc3 Nf5 14. 0-0-0 Qe7 15. Ba5 b6 16. Bd2 0-0-0 17. a4 Kb8 18. Kb1 c5 19. c3 c4 20. Qc2 Nxh4 21. Rh3 Nf5 22. b3 Rc8 23. b4 Kb7 24. Nxd5 exd5 25. Qxf5 Rc6 26. Rg1 g6 27. hxg6 fxg6 28. Qg4 Rg8 29. f4 a5 30. b5 Rcc8 31. Ka2 Rcf8 32. Rgh1 Rf7 33. e6 Nf6 34. exf7 Qxf7 35. Qg5 Ne4 36. Rh7 Nxg5 37. Rxf7+ Nxf7 38. Rh7 Rf8 39. f5 g5 40. Bxg5 Kc8 41. Be7 Ng5 42. Bxg5 Rxf5 43. Bc1 Rf2+ 44. Kb1 Kb8 45. Rd7 Rf5 46. Rd6 Kc8 47. Rxb6 Rf3 48. Kc2 Rf2+ 49. Bd2 Rf1 50. Rd6 Ra1 51. Rxd5 Rxa4 52. Rc5+ Kb7 53. Bf4 Kb6 54. Bc7+ Kb7 55. b6 Ra2+ 56. Kb1 Ra4 57. Kb2 Ka6 58. d5 Kb7 59. d6 Kc8 60. d7+ Kxd7 61. b7 1-0

[Event "GER-ch Net blitz qual1"]
[Site "Playchess.com INT"]
[Date "2021.04.24"]
[Round "9"]
[White "Matthey, Harald"]
[Black "Pikal, Alexander"]
[Result "1-0"]
[WhiteElo "1902"]
[BlackElo "2100"]
[PlyCount "113"]
[EventDate "2021.04.24"]
[EventType "swiss (blitz)"]
[EventRounds "11"]
[EventCountry "GER"]
[SourceTitle "CBM 202 Extra"]
[Source "ChessBase"]
[SourceDate "2021.07.31"]
[SourceVersion "1"]
[SourceVersionDate "2021.07.31"]
[SourceQuality "1"]

1. d4 d6 2. e4 g6 3. Nc3 Bg7 4. Be2 Nc6 5. Be3 e5 6. Nf3 Nge7 7. d5 Nb8 8. h3 h6 9. Qd2 f5 10. exf5 Nxf5 11. 0-0-0 a6 12. Kb1 Nxe3 13. Qxe3 0-0 14. Bd3 Bf5 15. g4 Bxd3 16. Qxd3 Qf6 17. Nd2 Nd7 18. f3 Nc5 19. Qe2 b5 20. Nce4 Nxe4 21. fxe4 Qf2 22. Rde1 b4 23. Nc4 Qc5 24. b3 Rf2 25. Qe3 Raf8 26. Qxc5 dxc5 27. a3 bxa3 28. Nxa3 Rg2 29. Rhf1 Rff2 30. Rxf2 Rxf2 31. Nc4 Rh2 32. Re3 h5 33. gxh5 gxh5 34. Kb2 Bh6 35. Rg3+ Kh7 36. Rf3 Bf4 37. Ne3 Bxe3 38. Rxe3 h4 39. Rc3 Kg6 40. Rxc5 Rxh3 41. Rxc7 Re3 42. d6 Re1 43. c4 h3 44. d7 Rd1 45. c5 h2 46. Rc6+ Kg5 47. Rd6 Rxd6 48. cxd6 h1Q 49. d8Q+ Kf4 50. Qf6+ Kxe4 51. d7 Qg2+ 52. Ka3 Qg1 53. Qc6+ Kf5 54. d8Q Qa1+ 55. Kb4 Qe1+ 56. Qc3 Qe4+ 57. Ka3 1-0

[Event "GER-chT Online Liga 1 GpC"]
[Site "Playchess.com INT"]
[Date "2021.03.04"]
[Round "5.1"]
[White "Matthey, Harald"]
[Black "Plischki, Sebastian"]
[Result "0-1"]
[WhiteElo "2104"]
[BlackElo "2352"]
[PlyCount "106"]
[EventDate "2021.01.21"]
[EventType "team-tourn (rapid)"]
[EventRounds "7"]
[EventCountry "GER"]
[SourceTitle "EXT 2022"]
[Source "ChessBase"]
[SourceDate "2021.10.06"]
[SourceVersion "1"]
[SourceVersionDate "2021.10.06"]
[SourceQuality "1"]
[WhiteTeam "Dessau"]
[BlackTeam "Rinteln"]
[WhiteTeamCountry "GER"]
[BlackTeamCountry "GER"]

1. Nf3 Nf6 2. c4 g6 3. b3 Bg7 4. Bb2 0-0 5. g3 d6 6. d4 Nbd7 7. Bg2 e5 8. 0-0 e4 9. Ng5 e3 10. f4 h6 11. Nf3 Ng4 12. Qc1 Ndf6 13. Nc3 Re8 14. Nd1 c6 15. h3 Nf2 16. Nxf2 exf2+ 17. Rxf2 Ne4 18. g4 f5 19. g5 Qe7 20. e3 hxg5 21. Nxg5 Nxg5 22. fxg5 Qxg5 23. Rf4 Qe7 24. Rf3 Bd7 25. Kh1 Kh7 26. Qc2 Bh6 27. Re1 Qh4 28. Qc3 d5 29. Rff1 Be6 30. c5 Bf7 31. Bc1 Kg7 32. Bd2 Re7 33. Rf3 Rae8 34. Rg1 Bg5 35. Bf1 Qh5 36. Be2 Qh6 37. Rgg3 Kf8 38. Bf1 Re4 39. b4 Bd8 40. a4 Bc7 41. Rg2 Qh5 42. Be2 Rh4 43. Kg1 Rxh3 44. Kf2 Qh4+ 45. Kf1 Rh1+ 46. Rg1 Rxg1+ 47. Kxg1 Qh2+ 48. Kf1 Bg3 49. Bd1 f4 50. Be1 Qh3+ 51. Ke2 Qg2+ 52. Kd3 Qg1 53. Kc2 Qxe1 0-1